| 000 | 00465pab a2200181 454500 | ||
|---|---|---|---|
| 008 | 180718b2005 xxu||||| |||| 00| 0 eng d | ||
| 100 | _aMittal, Rekha | ||
| 245 | _aPatenting activities in agriculture from India | ||
| 260 | _c2005 | ||
| 300 | _ap.315-20. | ||
| 362 | _aJul | ||
| 650 | _aAgriculture - India | ||
| 650 | _aPatents - India | ||
| 650 | _aPatents | ||
| 700 | _aSingh, Gian | ||
| 773 | _aJournal of Intellectual Property Rights | ||
| 909 | _a66265 | ||
| 999 |
_c66265 _d66265 |
||